| 000 | 00564nam a22002057a 4500 | ||
|---|---|---|---|
| 003 | OSt | ||
| 005 | 20140310182754.0 | ||
| 008 | 130205t xxu||||| |||| 00| 0 eng d | ||
| 020 | _a9780415696838 | ||
| 050 |
_aP 368 _b.M661 2012 |
||
| 082 |
_aM 428 _bM54 2012 |
||
| 245 |
_aAuthority in language : _cMilroy, James _binvestigating standard English / |
||
| 260 |
_aLondon : _bRoutledge, _c2012 |
||
| 300 |
_axvi, 173 p. : _c24 cm. _bill. ; |
||
| 521 | _acollege students | ||
| 526 | _c1210L-1700L | ||
| 541 | _j1 | ||
| 562 | _e1 | ||
| 942 |
_2lcc _cBK _kM |
||
| 999 |
_c15826 _d15826 |
||